| 000 | 00627nam a2200205 a 4500 | ||
|---|---|---|---|
| 001 | 000021183 | ||
| 003 | AM-YeHGA | ||
| 005 | 20250904133558.0 | ||
| 008 | 971119s1953 ai |||||||||||||||||arm d | ||
| 040 | _aAM-YeHGA | ||
| 041 | 0 | _aarm | |
| 100 | 1 |
_aՍևունց, Գարեգին, _d1911-1969 |
|
| 245 | 1 | 0 |
_aԹեհրան : _bՎեպ : [2 հատորով] / _cԳ. Սևունց. |
| 250 | _a2-րդ հրատ. | ||
| 260 |
_aԵրևան : _bՀայպետհրատ, _c1953. |
||
| 300 |
_aգիրք ; _c22 սմ. |
||
| 505 | 0 | 0 |
_gԳ. 1 (1953, 524 էջ) _gԳ. 2 (1953, 598 էջ) |
| 650 | 1 | 4 | _aՀայ գրականություն |
| 942 |
_2udc _cBK |
||
| 999 |
_c7703 _d7703 |
||